[Event "Tata Steel India 2018-Rapid"]
[Site "Kolkata"]
[Date "2018.11.10"]
[Round "6"]
[White "Vidit, Santosh Gujrathi"]
[Black "Karjakin, Sergey"]
[Result "1-0"]
[WhiteElo "2702"]
[BlackElo "2753"]
[Annotator "TA"]
[PlyCount "127"]
[EventDate "2018.11.09"]
[EventType "tourn"]
[EventCountry "IND"]
[SourceTitle "playchess.com"]
[Source "ChessBase"]
[SourceQuality "1"]

{[%evp 28,127,53,38,50,64,48,31,39,39,84,76,69,69,81,71,118,118,133,136,136,135,133,133,130,111,106,102,128,111,101,109,109,80,111,77,143,143,256,6,6,0,159,144,159,164,169,172,172,181,177,183,280,270,267,257,285,288,288,288,305,301,391,402,383,276,366,0,349,0,351,245,435,429,313,188,188,188,324,248,343,265,285,210,664,664,642,434,420,415,370,356,6070,5110,29983,29984,29984,29985,29985,29986,29986,29987]} 1. d4 Nf6 2. Nf3 d5 3. c4 e6 4. g3 Bb4+ 5. Bd2 Be7 6. Bg2 O-O 7. O-O Nbd7 8. Qc2 c6 9. Rd1 b6 10. Bf4 Nh5 11. Bc1 Nhf6 12. b3 a5 {E08: Closed Catalan: Main Line: 7 Qc2} 13. Nbd2 Ba6 14. e4 Rc8 15. Bb2 {[#] LiveBook: 4 Games} c5 $146 16. exd5 exd5 17. Qf5 g6 $1 {[%cal Rg6f5]} 18. Qh3 Bb7 19. Ne5 cxd4 20. Nxd7 Nxd7 21. Bxd4 Bf6 22. Nf1 Nc5 23. Ne3 Bxd4 24. Rxd4 Qf6 25. Rad1 Ne6 26. Nxd5 Bxd5 27. Rxd5 a4 28. Qh6 axb3 29. axb3 Qb2 30. Rb5 {Black must now prevent Qd2.} Rcd8 31. Bd5 {Qe3 is the strong threat.} Qe2 ({Better is} 31... Nc7 32. Bxf7+ (32. Rxb6 Nxd5 33. cxd5 Rxd5 $16) 32... Kxf7 33. Rxd8 (33. Qxh7+ Qg7 $16) 33... Rxd8 34. Qxh7+ Qg7 35. Qxg7+ Kxg7 36. Rxb6 Kf7) 32. Qc1 $16 Rd6 (32... Ng5 $16 {was called for.} 33. Re1 Nf3+ 34. Bxf3 Qxf3) 33. Kg2 $2 ({Only move:} 33. Rd2 $18 Qe5 34. Bf3) 33... Nc7 $1 $11 {[%cal Rc7b5]} 34. Re1 $36 {[%mdl 2048] White is pushing.} Qg4 $2 {[#]} (34... Qd3 $11 35. Be4 Qd4) 35. Bf3 $1 $16 {[%cal Rf3g4]} Qd7 36. Rbe5 Rd3 37. R1e3 Rxe3 38. Qxe3 Qd6 39. h4 {[%cal Bh2h4,Bh4h5][%mdl 32]} Rd8 (39... h5 $142 40. b4 Qxb4 41. Bxh5 Rd8) 40. h5 $18 Kf8 41. h6 Re8 42. Rxe8+ Nxe8 43. Qc3 Ke7 44. b4 Qf6 45. Qe3+ Qe6 {and the idea ...Qxe3 leaves Black hopeful.} 46. Qd4 Qd6 47. Qc3 Qf6 $1 {[%cal Rf6c3]} 48. Qe3+ Qe6 $1 {If only Black now had time for ...Qxe3....} 49. Qc1 Qe5 $2 {[#]} (49... Nf6 50. c5 bxc5 51. bxc5 Qe5) 50. c5 bxc5 51. bxc5 Nc7 52. c6 Kf6 (52... Qd4 $142 53. Qg5+ Ke8) 53. Qd2 Ne6 54. Qd7 Qc7 {intending ...Qxd7.} 55. Qe8 Ke5 $2 (55... Qd6 56. Qh8+ Ke7 57. Qxh7 Ng5) 56. Qh8+ f6 57. Qe8 f5 58. Qh8+ Kd6 59. Qc3 ({Much less strong is} 59. Qf6 Qd8 $18) 59... Qa7 $2 (59... f4 60. Qb4+ Ke5 61. Qc3+ Kd6) 60. Qb4+ Nc5 61. Qd4+ {White mates.} Kc7 62. Qg7+ Kb6 63. Qxa7+ Kxa7 64. c7 {Precision: White = 75%, Black = 44%.} 1-0

[Event "Tata Steel India 2018-Rapid"]
[Site "Kolkata"]
[Date "2018.11.10"]
[Round "6"]
[White "Ganguly, Surya Shekhar"]
[Black "Aronian, Levon"]
[Result "0-1"]
[WhiteElo "2615"]
[BlackElo "2765"]
[Annotator "TA"]
[PlyCount "96"]
[EventDate "2018.11.09"]
[EventType "tourn"]
[EventCountry "IND"]
[SourceTitle "playchess.com"]
[Source "ChessBase"]
[SourceQuality "1"]

{[%evp 17,96,2,35,28,28,26,37,33,31,32,44,47,47,55,74,70,96,97,96,95,104,0,0,0,0,0,0,0,0,0,55,45,44,56,48,2,2,2,2,2,12,4,4,2,15,3,6,10,12,0,0,0,0,0,0,0,0,0,0,0,8,8,21,0,0,-181,-164,-286,-260,-282,-266,-451,-439,-677,-662,-665,-665,-604,-568,-660,-648]} 1. e4 e5 2. Nf3 Nc6 3. Bc4 Bc5 4. c3 Nf6 5. d3 a6 6. O-O d6 7. Nbd2 Ba7 8. Bb3 O-O 9. Nc4 Kh8 {LiveBook: 8 Games. C54: Giuoco Piano: 4 c3 Nf6, main lines with 5 d4 and 5 d3} (9... h6 10. h3 Be6 11. a4 Re8 12. a5 d5 13. exd5 Bxd5 14. Re1 e4 15. dxe4 Rxe4 16. Rxe4 Nxe4 17. Be3 Bxc4 18. Qxd8+ Rxd8 19. Bxc4 Bxe3 20. fxe3 {½-½ (34) Tkachiev,V (2664)-Svidler,P (2738) Moscow 2008}) 10. a4 h6 11. a5 $146 ({Predecessor:} 11. h3 Ne7 12. Nh4 Ng6 13. Nxg6+ fxg6 14. Be3 Nh5 15. Qd2 Qh4 16. Bxh6 Nf4 17. Bxf4 exf4 18. d4 f3 19. Qe3 Bxh3 20. gxh3 Qxh3 21. Qg5 Rf4 22. Ne3 Rh4 {1-0 (22) Seyb,A (2403)-Weber,B (2095) Tegernsee 2017}) 11... Nh7 {White has an edge.} 12. Ne3 Bxe3 13. fxe3 Ng5 14. Nxg5 Qxg5 15. Bxf7 Bg4 16. Qe1 Nd8 {[%cal Bc6d8,Bd8e6,Be6g5][%mdl 32]} 17. Bc4 Rxf1+ 18. Qxf1 Ne6 19. Bd2 (19. b4 $16) 19... Rf8 $11 20. Qe1 Qh5 21. Qg3 $1 Ng5 {Hoping for ...Nf3+!} 22. Rf1 $1 {[%cal Rf1f8]} Rxf1+ 23. Kxf1 Be6 (23... Be2+ $11 24. Ke1 Nxe4) 24. Bxe6 $14 Nxe6 25. b4 c5 26. h3 (26. Qf3 $5 {[%cal Rf3h5]} Qxh2 27. Qg4 $14) 26... Qd1+ 27. Qe1 Qc2 28. Qe2 c4 29. dxc4 Ng5 30. Be1 Qb1 31. Kg1 Nxe4 32. Kh2 Kh7 33. b5 Nc5 34. Bh4 g5 35. Bg3 Qe4 36. Qd2 Qd3 37. Qf2 {aiming for Qf7+.} Kg7 38. h4 g4 (38... axb5 $6 39. cxb5 Qg6 40. Qf3 $16) 39. h5 Qxc4 40. bxa6 bxa6 41. Bh4 $2 {[#]} (41. Qf5 $11 Qe4 42. Qc8 Qxe3 43. Qc7+ Kg8 44. Qc8+ (44. Qxd6 $2 Qxg3+ 45. Kxg3 Ne4+ 46. Kxg4 Nxd6 $19) 44... Kf7 45. Qf5+ (45. Qxg4 Ne4 $11) 45... Ke8 46. Qc8+ Kf7 47. Qf5+ (47. Qxg4 Ne4 $11) 47... Ke8 48. Qxg4) 41... Qf7 $1 $19 42. Qxf7+ (42. Qe1 $142) 42... Kxf7 {[%mdl 4096] Endgame KB-KN} 43. Kg3 {[#]} Nb7 $1 44. Kxg4 $2 (44. c4 {only move.}) 44... Nxa5 {Black is clearly winning.} 45. Kf5 (45. c4 $142 Nxc4 46. Kf3) 45... Nc4 {And now ...a5 would win.} 46. Ke4 a5 47. Kd3 d5 48. Kc2 Nxe3+ {Precision: White = 69%, Black = 71%.} 0-1

[Event "Tata Steel India 2018-Rapid"]
[Site "Kolkata"]
[Date "2018.11.11"]
[Round "7"]
[White "Anand, Viswanathan"]
[Black "Nakamura, Hikaru"]
[Result "1/2-1/2"]
[WhiteElo "2773"]
[BlackElo "2746"]
[Annotator "TA"]
[PlyCount "55"]
[EventDate "2018.11.09"]
[EventType "tourn"]
[EventCountry "IND"]
[SourceTitle "playchess.com"]
[Source "ChessBase"]
[SourceQuality "1"]

{[%evp 21,55,26,19,18,10,15,18,16,18,15,35,38,40,9,8,8,25,21,33,33,30,30,32,28,27,27,29,18,18,16,30,11,18,19,26,0]} 1. e4 e5 2. Nf3 Nc6 3. Bb5 Nf6 4. O-O Nxe4 5. Re1 Nd6 6. Nxe5 Be7 7. Bf1 Nf5 {C67: Ruy Lopez: Berlin Defence: 4 0-0 Nxe4} (7... Nxe5 8. Rxe5 O-O 9. d4 Bf6 10. Re1 Re8 11. c3 Rxe1 12. Qxe1 Ne8 13. d5 c6 14. Nd2 cxd5 15. Nf3 d6 16. Be3 Nc7 17. Qd2 Bd7 18. g3 {½-½ (32) Giri,A (2780)-Caruana,F (2827) Batumi 2018}) 8. Nf3 d5 9. d4 O-O 10. Nc3 {[%cal Bb1c3,Bc3e2,Be2g3][%mdl 32]} (10. c3 Re8 11. Bd3 Bd6 12. Nbd2 Bd7 13. Nf1 Rxe1 14. Qxe1 Qe8 15. Bd2 {½-½ (33) Anand,V (2768)-Nakamura,H (2777) Saint Louis 2018}) 10... Nh4 11. Nxh4 Bxh4 {LiveBook: 4 Games} 12. Bf4 Bf5 13. Qd2 $146 ({Predecessor:} 13. Nb5 Rc8 14. c3 Bg6 15. g3 {½-½ (36) Milos,G (2618)-Pashikian,A (2647) Bursa 2010}) 13... Bf6 14. Ne2 Qd7 15. c3 Rfe8 16. Ng3 Bg6 17. Bg5 Bxg5 18. Qxg5 f6 19. Qf4 Rxe1 20. Rxe1 Re8 21. Rxe8+ Bxe8 22. h4 {[%cal Bh2h4,Bh4h5][%mdl 32]} Ne7 23. h5 h6 24. Bd3 Bf7 25. a3 Kf8 26. Qf3 Be6 27. Qe3 Bf7 28. Qf3 {Precision: White = 57%, Black = 65%.} 1/2-1/2

[Event "Tata Steel India 2018-Rapid"]
[Site "Kolkata"]
[Date "2018.11.11"]
[Round "7"]
[White "Aronian, Levon"]
[Black "Vidit, Santosh Gujrathi"]
[Result "1/2-1/2"]
[WhiteElo "2765"]
[BlackElo "2702"]
[Annotator "TA"]
[PlyCount "58"]
[EventDate "2018.11.09"]
[EventType "tourn"]
[EventCountry "IND"]
[SourceTitle "playchess.com"]
[Source "ChessBase"]
[SourceQuality "1"]

{[%evp 21,58,0,15,12,13,12,26,19,19,15,10,0,0,7,21,16,8,-8,0,-70,3,3,10,3,3,3,4,0,4,4,4,4,4,4,4,4,4,4,3]} 1. c4 c5 2. Nf3 Nc6 3. Nc3 Nf6 4. e3 e6 5. d4 d5 6. cxd5 Nxd5 7. Bd3 Be7 8. a3 cxd4 9. exd4 O-O 10. O-O Bf6 11. Qc2 h6 {LiveBook: 3 Games} 12. Rd1 {D42: Queen's Gambit Declined: Semi-Tarrasch: 5 cxd5 Nxd5 6 e3 Nc6 7 Bd3} Qb6 13. Be3 Rd8 $146 ({Predecessor:} 13... Nce7 14. Ne4 Qd8 15. Rac1 Nf5 {½-½ (40) Moskvichev,V (2381)-Ntirlis,N (2289) ICCF email 2016}) 14. Rac1 {White has an edge.} Bd7 15. Nxd5 exd5 16. h3 Rac8 {[%cal Rc6d4]} 17. Qb1 Ne7 18. Ne5 Rxc1 19. Bh7+ Kf8 20. Rxc1 (20. Nxd7+ $11 Rxd7 21. Qxc1) 20... Be6 (20... g6 $1 $15 21. Bxh6+ Bg7) 21. Bd3 $11 {The position is equal.} Bg5 22. Bxg5 hxg5 23. Rc5 Rc8 24. b4 Qd8 25. Qc1 f6 26. Ng6+ Nxg6 27. Bxg6 b6 28. Rxc8 Qxc8 29. Qxc8+ Bxc8 {Precision: White = 86%, Black = 60%.} 1/2-1/2

[Event "Tata Steel India 2018-Rapid"]
[Site "Kolkata"]
[Date "2018.11.11"]
[Round "7"]
[White "So, Wesley"]
[Black "Mamedyarov, Shakhriyar"]
[Result "1/2-1/2"]
[WhiteElo "2765"]
[BlackElo "2817"]
[Annotator "TA"]
[PlyCount "66"]
[EventDate "2018.11.09"]
[EventType "tourn"]
[EventCountry "IND"]
[SourceTitle "playchess.com"]
[Source "ChessBase"]
[SourceQuality "1"]

{[%evp 23,66,32,32,22,30,23,37,31,47,54,69,64,73,55,92,92,116,118,127,103,114,111,112,111,199,164,170,42,46,43,58,0,0,0,0,0,0,0,0,0,0,0,0,0,0]} 1. c4 e5 2. Nc3 Nc6 3. Nf3 g6 4. d4 exd4 5. Nxd4 Bg7 6. Nxc6 bxc6 7. g3 Ne7 8. Bg2 O-O 9. O-O d6 10. Bg5 Be6 {A27: English Opening: Three Knights Variation} 11. Qd3 Rb8 12. b3 c5 {LiveBook: 3 Games. White is slightly better.} 13. Rad1 $146 ({Predecessor:} 13. Qd2 Qd7 14. Rad1 Nc6 15. Ne4 f6 16. Nxc5 dxc5 17. Qxd7 Bxd7 18. Rxd7 {1-0 (67) Giri,A (2772)-Dzagnidze,N (2519) Tbilisi 2017}) 13... h6 14. Bc1 Re8 15. Qd2 Kh7 16. Bb2 Ng8 17. Rfe1 Nf6 18. h3 h5 19. e4 Qe7 20. f4 Rbd8 21. Nb5 c6 22. Nc3 Qc7 23. Qf2 Qc8 (23... Bc8 $16 {was necessary.}) 24. e5 dxe5 25. Rxd8 ({Worse is} 25. Rxe5 Bxh3 26. Qe2 Bxg2 $17) ({Not} 25. Qxc5 exf4 26. Qxc6 fxg3 $17) (25. fxe5 $18 Rxd1 26. Rxd1 (26. Nxd1 Nd7 $14)) 25... Qxd8 $14 26. fxe5 Nd7 27. Ne4 (27. Rd1 $1 $14) 27... Nxe5 $11 {[#] Hoping for ...Nd3.The position is equal.} 28. Nxc5 Bxh3 {aiming for ...Ng4.} 29. Bxe5 $1 Bxe5 30. Qxf7+ Kh6 31. Rxe5 $1 Rxe5 32. Qf4+ Qg5 {[#] White must now prevent ...Qxf4.} 33. Qf8+ Kh7 {Precision: White = 65%, Black = 48%.} 1/2-1/2

[Event "Tata Steel India 2018-Rapid"]
[Site "Kolkata"]
[Date "2018.11.11"]
[Round "7"]
[White "Karjakin, Sergey"]
[Black "Harikrishna, Pentala"]
[Result "1-0"]
[WhiteElo "2753"]
[BlackElo "2729"]
[Annotator "TA"]
[PlyCount "105"]
[EventDate "2018.11.09"]
[EventType "tourn"]
[EventCountry "IND"]
[SourceTitle "playchess.com"]
[Source "ChessBase"]
[SourceQuality "1"]

{[%evp 19,105,1,1,0,0,8,4,9,2,0,29,20,164,167,183,189,187,116,93,106,108,97,161,159,181,174,182,177,194,176,194,182,174,97,97,97,97,97,105,111,125,55,65,67,84,51,51,47,84,84,91,93,83,84,89,81,132,125,125,125,125,125,125,132,158,158,158,158,177,158,183,12,77,0,158,158,158,158,524,400,2081,1750,1406,405,926,386,29985,29986]} 1. e4 e5 2. Nf3 Nc6 3. Bb5 Nf6 4. d3 Bc5 5. O-O Nd4 6. Nxd4 Bxd4 7. c3 {C65: Ruy Lopez: Berlin Defence (3...Nf6), unusual lines and 4 0-0 Bc5} Bb6 8. Ba4 (8. Na3 c6 9. Ba4 d6 10. Nc4 Bc7 11. Bb3 h6 12. Ne3 d5 13. exd5 cxd5 14. d4 e4 {1-0 (35) Anand,V (2768)-Nakamura,H (2777) Saint Louis 2018}) 8... O-O 9. Bg5 h6 10. Bh4 d6 {LiveBook: 3 Games} 11. Nd2 g5 12. Bg3 Bg4 13. Qe1 Nh5 14. Bd1 $146 ({Predecessor:} 14. Kh1 Nf4 15. Bc2 Qf6 16. Nc4 Nxg2 17. Qd2 Qf3 18. Nxb6 Ne3+ {0-1 (18) Vontina,M (821)-Husemann,A (1909) LSS email 2012}) 14... Qd7 15. Nc4 f5 (15... Nf4 $11 {and Black is okay.}) 16. Nxb6 $18 axb6 17. f3 Nxg3 18. hxg3 (18. Qxg3 $18 Bh5 19. Qh3) 18... Bh5 $16 19. exf5 Bf7 20. g4 Kg7 (20... Qb5 $16 {might work better.}) 21. Qd2 $18 Qe7 22. Bb3 d5 23. Rae1 {[#] d4 is the strong threat.} Qf6 24. Re3 c5 {[%cal Bc7c5,Bc5c4][%mdl 32]} 25. Qe2 b5 26. a3 (26. Rxe5 $18 c4 27. Bc2) 26... c4 $16 27. Bc2 d4 28. Rxe5 dxc3 29. bxc3 Rxa3 30. Rxb5 (30. dxc4 $16 Bxc4 31. Qe4) 30... Rxc3 $14 31. d4 Qxd4+ 32. Qf2 Rd8 33. Be4 $36 {[%mdl 2048] White has good play.} Rb3 34. Qxd4+ Rxd4 35. Rxb7 Rxb7 36. Bxb7 $16 {[%mdl 4096] Endgame KRB-KRB} Kf6 37. Be4 h5 (37... Rd8 $142) 38. gxh5 Bxh5 39. Ra1 g4 {[#]} 40. Kf2 $1 {[%cal Rf2e3] Black must now prevent Ke3.} gxf3 41. gxf3 Rd6 42. Ke3 Bf7 43. Kf4 Rb6 44. Rh1 {aiming for Rh6+.} Rd6 45. Kg4 $2 ({White should try} 45. Rh8 $18) 45... Rd2 (45... Rd4 $11) 46. Kf4 ({White should play} 46. Ra1) 46... Rd6 $1 47. Rh8 Rd1 48. Rh6+ Kg7 $2 (48... Ke7 $16 {is a better chance.} 49. Ke5 Ra1) 49. Rc6 $18 {Intending f6+ and mate.} Rd8 (49... Be8 $142) 50. Kg5 Re8 51. Rc5 (51. f6+ $142 Kf8 52. Rc7 Re5+ 53. Kf4) 51... Rd8 (51... Kf8 $142 52. Rc7 Re7 53. Rc8+ Re8) 52. Rc7 (52. f4 $142 Rb8 53. f6+ Kf8 54. Bg6) 52... Re8 $2 (52... Kf8 $18 53. Kf6 Rd6+ 54. Ke5 Rd8) 53. Bd5 {Precision: White = 56%, Black = 37%.} 1-0

[Event "Tata Steel India 2018-Rapid"]
[Site "Kolkata"]
[Date "2018.11.11"]
[Round "7"]
[White "Nihal Sarin"]
[Black "Ganguly, Surya Shekhar"]
[Result "1/2-1/2"]
[WhiteElo "2576"]
[BlackElo "2615"]
[Annotator "TA"]
[PlyCount "133"]
[EventDate "2018.11.09"]
[EventType "tourn"]
[EventCountry "IND"]
[SourceTitle "playchess.com"]
[Source "ChessBase"]
[SourceQuality "1"]

{[%evp 14,133,0,-6,0,0,0,0,0,0,0,0,0,-9,0,0,0,-9,0,0,0,-13,0,-16,-18,-18,7,0,0,0,0,-33,-6,-19,-12,0,12,12,8,-9,0,0,0,0,0,0,0,0,3,7,8,8,10,8,8,3,18,15,20,20,18,12,103,102,129,106,127,78,81,75,91,93,112,0,0,0,0,0,6,0,0,0,0,0,0,0,0,0,0,0,0,0,0,0,0,0,0,0,0,0,0,0,0,0,0,0,0,0,0,0,0,0,0,0,0,0,0,0,0,0,0,0]} 1. b3 Nf6 2. Bb2 e6 3. Nf3 d5 4. e3 b6 5. c4 Bb7 6. Nc3 {A13: Reti-Eröffnung} Nbd7 7. cxd5 (7. d4 Bd6 8. Bd3 O-O 9. O-O a6 10. Rc1 Qe7 11. cxd5 exd5 12. Ne2 Ne4 13. Qc2 Rac8 14. Ng3 g6 15. Qe2 h5 16. Ne5 Nxe5 17. dxe5 Bxe5 18. Bxe5 Qxe5 19. Nxe4 dxe4 20. Bxa6 Bxa6 21. Qxa6 {½-½ (57) Harikrishna,P (2732)-Navara,D (2727) Prague 2018}) 7... exd5 8. d4 {LiveBook: 3 Partien} Bd6 9. g3 O-O 10. Bg2 Ba6 11. Bf1 Bb7 (11... Qc8 {looks sharper.} 12. Rc1 Bxf1 13. Kxf1 c6 14. Kg2 Qb7) 12. Bg2 Ba6 13. Bf1 Bxf1 14. Kxf1 c6 15. Kg2 Qe7 16. Rc1 $146 Rac8 17. Re1 Rfe8 18. Ne2 Ne4 19. Nf4 Ndf6 20. Nd3 c5 21. dxc5 bxc5 {[%cal Bb6c5,Bc5c4][%mdl 32]} 22. Kg1 c4 (22... Ng4 {keeps more tension.} 23. h3 Ngxf2 24. Nxf2 Bxg3 25. Nxe4 dxe4 26. Nd2 Bxe1 27. Qxe1 Rc6) 23. Bxf6 Qxf6 24. Nf4 $1 {[%cal Rf4d5]} cxb3 {[#] Weiss muss nun ...Txc1 beachten.} (24... c3 {feels hotter.} 25. Kg2 Rcd8 26. Qd4 Qf5 27. Qxd5 Qxd5 28. Nxd5 Ba3) 25. Rxc8 $1 Rxc8 26. Qxb3 Bxf4 27. exf4 Qb6 28. Qxb6 axb6 $11 {[%mdl 4096] Endspiel KTS-KTS} 29. Re2 h6 30. Rb2 Ra8 31. Nd4 Ra4 32. Nf5 d4 33. f3 Nc3 34. Rxb6 d3 35. Rd6 Ne2+ 36. Kf1 Nc1 37. Ke1 Ra3 (37... Rxa2 $11 {bleibt in der Remisbreite.} 38. Kd1 Ne2 39. Rd8+ (39. Rxd3 Ng1 $14) 39... Kh7 40. Rxd3 Kg6) 38. Kd2 $16 Nxa2 39. Rd8+ Kh7 40. Rxd3 Ra7 41. Rd4 Rb7 42. Nd6 Rb2+ 43. Kd3 (43. Ke1 $16) 43... Nc1+ $11 {Die Stellung ist ausgeglichen.} 44. Kc4 Rxh2 45. g4 Rf2 46. Nxf7 Ne2 47. Re4 {f5 ist eine echte Drohung.} Rxf3 48. f5 Rf4 49. Rxf4 Nxf4 {KS-KS} 50. Kd4 Ne2+ 51. Kd3 Nf4+ 52. Ke4 Ne2 53. Ne5 Nc3+ 54. Kd4 Nb5+ 55. Kc5 Nc3 56. Kd4 Nb5+ 57. Kc4 Nd6+ 58. Kd5 Ne8 59. Nd7 Kg8 60. Ke6 Nc7+ 61. Kd6 Nb5+ 62. Ke7 Nc3 63. Nb6 Ne4 64. Nd5 Nf2 65. Ne3 Ne4 66. Nd5 Nf2 67. Ne3 {Precision: Weiß = 62%, Schwarz = 60%.} 1/2-1/2

[Event "Tata Steel India 2018-Rapid"]
[Site "Kolkata"]
[Date "2018.11.11"]
[Round "8"]
[White "Mamedyarov, Shakhriyar"]
[Black "Karjakin, Sergey"]
[Result "1-0"]
[WhiteElo "2817"]
[BlackElo "2753"]
[Annotator "TA"]
[PlyCount "95"]
[EventDate "2018.11.09"]
[EventType "tourn"]
[EventCountry "IND"]
[SourceTitle "playchess.com"]
[Source "ChessBase"]
[SourceQuality "1"]

{[%evp 12,95,4,-22,0,-9,-17,-6,20,3,16,2,2,-8,35,48,47,0,6,-31,0,0,0,0,28,28,20,28,31,27,35,22,26,32,36,29,62,56,164,156,149,43,57,45,120,113,129,117,128,113,122,102,85,50,50,41,32,26,62,14,149,150,150,131,131,127,459,422,373,238,409,343,336,333,403,314,1154,876,904,842,1042,756,739,656,969,553]} 1. d4 Nf6 2. c4 e6 3. Nc3 Bb4 4. f3 d5 5. a3 Bxc3+ 6. bxc3 c6 7. Bg5 {LiveBook: 6 Games. E20: Nimzo-Indian: 4 g3 and 4 f3} O-O (7... Qa5 8. Qd2 Nbd7 9. cxd5 cxd5 10. e3 Nb6 11. Bxf6 gxf6 12. Bd3 Bd7 13. Ne2 Bb5 14. O-O Nc4 {1-0 (61) Mamedyarov,S (2735)-Van Wely,L (2653) Rabat 2015}) 8. e3 Nbd7 9. cxd5 {The position is equal.} exd5 10. Bd3 Re8 11. Qd2 h6 $146 ({Predecessor:} 11... Qe7 12. Bxf6 Nxf6 13. Kf2 Nh5 14. Ne2 f5 15. Ng3 {0-1 (52) Klement,D (1954)-Buric,P (2098) Osijek 2013}) 12. Bh4 Qa5 13. Ne2 b6 14. g4 Ba6 15. Rg1 c5 16. Bxa6 Qxa6 17. Kf2 g5 18. Bg3 Re6 19. Kg2 Nf8 20. h4 Rae8 21. Bf2 $1 Ng6 22. hxg5 $1 hxg5 23. Rh1 Qc4 24. Ng3 Rc8 (24... cxd4 $14 25. cxd4 Nh4+ 26. Rxh4 gxh4) 25. Nf5 $18 cxd4 26. cxd4 (26. Nxd4 $16 {Black must now prevent Rac1.} Re5 27. Rac1) 26... Qc2 $14 27. Qe1 a5 (27... Ne7 $14) 28. Rc1 $16 Qxc1 29. Qxc1 Rxc1 30. Rxc1 Ne7 31. Rc7 Kf8 32. a4 Ne8 $1 {[%cal Re8c7]} 33. Rb7 {Threatens to win with Nxe7.} Nxf5 34. gxf5 $14 {[%cal Bg4f5,Bf5f6][%mdl 4128] Endgame KRB-KRN} Rc6 35. e4 {Strongly threatening e5.} dxe4 (35... Nd6 $11 36. Rb8+ (36. exd5 Rc2 $11) 36... Ke7) 36. fxe4 $16 {[%cal Bf3e4,Be4e5][%mdl 32] d5 is the strong threat.} Nd6 37. Rb8+ Ke7 {[#]} 38. f6+ $1 {[%mdl 512]} Kd7 $2 {[%mdl 8192]} (38... Kxf6 $16 39. e5+ Kf5) 39. e5 $18 Ne4 40. Kf3 Nc3 $2 (40... Nxf6 {was necessary.} 41. exf6 Rxf6+ 42. Ke2 Kc6) 41. Kg4 Nd5 42. Rf8 ({Not} 42. Kxg5 Rc2 $16) 42... Ke6 43. Rd8 Nf4 $2 {[#]} (43... Nxf6+ 44. exf6 Kxf6) 44. Be3 {White is clearly winning.} Nd5 45. Bxg5 Nc7 46. Be3 Nd5 47. Bd2 Nc7 48. Kf4 {Precision: White = 59%, Black = 40%.} 1-0

[Event "Tata Steel India 2018-Rapid"]
[Site "Kolkata"]
[Date "2018.11.11"]
[Round "8"]
[White "Nakamura, Hikaru"]
[Black "So, Wesley"]
[Result "1/2-1/2"]
[WhiteElo "2746"]
[BlackElo "2765"]
[Annotator "TA"]
[PlyCount "118"]
[EventDate "2018.11.09"]
[EventType "tourn"]
[EventCountry "IND"]
[SourceTitle "playchess.com"]
[Source "ChessBase"]
[SourceQuality "1"]

{[%evp 10,118,3,0,22,0,0,-2,0,0,-4,-4,0,-18,-12,-8,-8,-16,-12,-18,-15,-31,-33,-26,-21,-35,-18,-49,-26,-77,-79,-88,-78,-79,-91,-79,-86,-108,-33,-60,-66,-76,-16,-20,-11,0,0,-5,0,0,11,0,18,0,0,-4,0,-81,-70,-76,-72,-254,-50,-64,-42,-87,-19,-77,-33,-12,-10,-20,-18,-29,0,0,0,0,9,0,0,-38,12,0,21,21,19,0,16,16,16,16,16,16,16,16,16,8,21,21,21,21,21,21,21,20,21,21,21,20,20]} 1. Nf3 d5 2. e3 Nf6 3. c4 e6 4. b3 Bd6 5. Bb2 O-O 6. Be2 {LiveBook: 38 Partien} dxc4 {A13: Reti-Eröffnung} (6... b6 7. O-O Bb7 8. Nc3 Nbd7 9. Rc1 a6 10. d4 Qe7 11. cxd5 exd5 12. Bd3 Ne4 13. Ne2 Rfe8 14. Ng3 g6 15. Rc2 h5 16. Re1 h4 {1-0 (58) Alekseev,E (2622)-Potkin,V (2574) Sochi 2017}) 7. Bxc4 b6 8. Nc3 $146 ({Vorgänger:} 8. O-O Bb7 9. d4 Ne4 10. Nc3 Nxc3 11. Bxc3 Nd7 12. Qe2 Nf6 13. Rac1 Ne4 14. Ba1 {0-1 (27) Heredia,C (1960)-Wang,A (2087) Orange 2015}) 8... Bb7 9. d4 a6 10. O-O b5 11. Bd3 Nbd7 12. a4 b4 13. Nb1 c5 14. Nbd2 cxd4 15. Nxd4 Nc5 16. Be2 Rc8 17. Nc4 Bb8 18. Qe1 e5 19. Nc2 (19. Nf5 $11 {hält das Gleichgewicht.}) 19... a5 $17 20. Rd1 Qe7 21. Nxa5 Nxb3 $1 22. Nxb3 Rxc2 23. Rd2 Rfc8 (23... Rc7 $17 24. Bb5 Ne4) 24. Qb1 R2c7 25. Bd3 Bd5 {[#]} (25... g6 $17) 26. Bxh7+ $1 $11 {[%mdl 512]} Kf8 (26... Nxh7 27. Rxd5) 27. Bc2 g6 28. Nc1 Qe6 29. Ne2 Ba2 30. Qd1 Kg7 31. Bd3 Bb3 $36 {[%mdl 2048] Schwarz kämpft um Vorteil.} 32. Qe1 $1 Bxa4 33. Qa1 (33. f4 $1 $11) 33... Ra7 $17 34. Qb1 Rd7 {Droht stark ...e4!} 35. Ba1 $2 {[#]} (35. Ng3 $17) 35... Rb7 $2 (35... e4 $1 $19 {[%cal Re4d3][%mdl 512]} 36. Qxb4 (36. Bxe4 Rxd2) 36... Rxd3) 36. Ng3 b3 37. Kh1 Rh8 (37... Rd7 $17 38. Kg1 {[#]} Bb5 $1 {[%mdl 512]}) 38. Ne4 (38. Kg1 $1 $11) 38... Nxe4 39. Bxe4 Rb4 40. f4 $1 {Droht Ld5 und aus.} f6 {...exf4 ist eine echte Drohung.} 41. Bd5 Qe7 {[%cal Re5f4]} 42. Bc3 Rb6 43. Qe4 Bb5 44. Rb1 Bd7 45. Qf3 exf4 46. exf4 {Schwarz muss nun Df2 beachten.Die Stellung ist ausgeglichen.} Bf5 47. Re2 Qd6 48. Rd1 {zielt auf g4 ab.} Rh4 49. Bxb3 Rxf4 50. Rxd6 {Beabsichtigt Lxf6+ und Matt.} Rxf3 {[%cal Rf3f1]} 51. Bxf6+ Kh6 {[%cal Rf3f1]} 52. gxf3 Bxd6 53. Re8 {[%cal Re8h8]} (53. Bc2 {keeps more tension.} Bxc2 54. Rxc2 Rb3 55. Kg2 g5 56. Rc6) 53... Rb8 54. Rxb8 Bxb8 $11 {KLL-KLL} 55. Kg2 Bf4 56. Bd5 Bd7 57. Be4 Bc8 58. Bh4 g5 59. Be1 g4 {Precision: Weiß = 42%, Schwarz = 55%.} 1/2-1/2